Städte an der Donau - Sudden Death - Statistiken

Allgemein
  • Dieses Quiz wurde 339 mal gespielt
    327 seit der letzten Aktualisierung
  • Das Durchschnittsergebnis liegt bei 5 aus 11
Answers on the Grid
Answers color-coded by a green-red scale on the quiz's grid according to % correct below.
Wien
Augsburg
Edirne
Zagreb
Passau
Split
Ulm
Sarajevo
Cluj
Sofia
Belgrad
Varna
Salzburg
Ljubljana
Novi Sad
Skopje
Visegrad
Klagenfurt
Bamberg
Plovdiv
Regensburg
Lwiw
Banja Luka
Brno
Linz
Odessa
Ingolstadt
Celje
Tiraspol
Bratislava
Budapest
Iasi
 
Antwortstatistiken
Antwort % Korrekt
Wien
95%
Passau
70%
Budapest
54%
Ulm
49%
Bratislava
46%
Regensburg
45%
Belgrad
37%
Linz
34%
Ingolstadt
26%
Novi Sad
17%
Visegrad
10%
Keine übereinstimmenden Quizze gefunden
Verteilung der Resultate
Anzahl Personen mit jedem Resultat
Perzentil nach korrekt beantworteten Fragen
Ihre Resultats-Entwicklung
Sie haben dieses Quiz seit der letzten Aktualisierung nicht gespielt